Snk quizz ( attaque des titans) (attack on titan) - Statistiques

Statistiques générales
  • Ce quiz a été pris 569 fois
  • Le résultat moyen est 7 sur 14
Statistiques - réponses
Réponse % Correct
Nom de famille de Mikasa, Livai et Kenny Ackerman
98%
Nombre de mur sur l'île de paradis 3
96%
District de vie du personnage principal au début de l'œuvre Shiganshina
79%
Nom du personnage principal de l'œuvre Eren Jager
78%
Nom du premier détenteur du titan originel et d'un membre du bataillon d'exploration Ymir
67%
Durée de vie des détenteurs de titans 13 ans
64%
Personnage qui a dévoré Bertholt pour obtenir son titan collosal Armin Arlert
55%
Cuisinier préféré de Sasha Braus Niccolo
49%
Village d'enfance de Connie Ragako
38%
Nom du personnage noir le plus important Onyankopon
37%
Nom du détenteur du titan originel avant Grisha Frieda Reiss
25%
Nom du titan de 7 mètre que Hansi a réussi à capturer Bean
22%
Nom du détenteur du titan bestial avant Sieg Tom Xaver
22%
Endroit où le temps s'écoule plus lentement que d'habitude Les chemins
8%
Aucun quiz correspondant
Distribution des résultats
% des personnes avec chaque résultat
Percentile par nombre de réponses
Votre historique - résultats
Vous n’avez pas pris ce quiz